Walking Dead: Ultimate Death Quiz (S1-7) - Statistics

General Stats
  • This quiz has been taken 607 times
    602 since last reset
  • The average score is 37 of 74
Answer Stats
Season Cause Killer Character % Correct
Season 1 Bitten in the neck, died of blood-loss Walker Amy
93%
Bitten in the chest and died of an infection Walker Jim
88%
Stabbed in the heart Rick Shane Walsh
88%
Devoured Walker Ed Peletier
87%
Disemboweled, then shot in the head Walker, Daryl* Dale Horvath
84%
Shot in the leg and devoured Shane, Walkers Otis
84%
Died giving birth Herself Lori Grimes
83%
Committed suicide in the CDC Himself Edwin Jenner
82%
Bitten while lost in the woods Walker Sophia Peletier
81%
Negan Glenn Rhee
79%
Herself Jacqui
78%
Bitten in the neck, then shot herself in the head Walker, Herself* Andrea
77%
Bitten on the shoulder, then devoured soon after Walkers T-Dog
77%
Season 7 Bashed in the head repeatedly with a baseball bat Negan Abraham Ford
75%
Season 2 Neck snapped Shane Randall Culver
75%
Decapitated Governor Hershel Greene
74%
Stabbed in the chest then shot in the head Michonne, Lilly The Governor
70%
Swallowed a poison pill Herself Sasha Williams
69%
Devoured by and burned in fire Walkers Jimmy
64%
Shot in the chest Governor Merle Dixon
64%
Pulled out of a revolving door and devoured Walkers, Nicholas** Noah
62%
Devoured Walkers Patricia
62%
Stabbed in the head with a machete Rick Tomas
61%
Bitten in the arm, then died of blood loss from having his arm amputated Walkers Tyreese Williams
61%
Shot during the Woodbury raid Woodbury Soldier Oscar
58%
Executed Rick Pete Anderson
58%
Stabbed in the back, then strangled Governor Pete Dolgen
58%
Stabbed repeatedly and left to turn Governor Milton Mamet
57%
Shot through the eye Dwight** Denise Cloyd
56%
Killed and burned, after catching an unknown flu Carol Karen
56%
Rammed by a car, then shot in the head Rick Bob Lamson
54%
Bitten on the shoulder, and died of an infection Walker Bob Stookey
54%
Shot himself in the head on top of a dumpster Himself Nicholas
52%
Season 3 Head bashed in after being scratched by a walker Tomas Big Tiny
51%
Carol David
50%
Died of lung cancer Lung Cancer David Chambler
50%
Fingers shot off, then hacked to death Rick Gareth
50%
Shot in the head Governor Axel
49%
Stabbed to death Sasha Martin
49%
Shot in the head Daryl Dawn Lerner
48%
Throat slit Pete Reg Monroe
48%
Disemboweled Negan Spencer Monroe
48%
Bashed over the head then fed alive to walkers Governor, Walkers Caesar Martinez
47%
Neck bitten and jugular ripped out Rick Joe
47%
Died of an unknown flu Unknown Flu Patrick
47%
Shot in the head Arat Olivia
45%
Devoured Walkers Sam Anderson
44%
Shot in the head Merle** Ben
43%
Accidently shot in the head Dawn Beth Greene
43%
Stabbed in the back, then devoured Michonne, Walkers Ron Anderson
43%
Shot in the head Oscar Andrew
42%
Walkers Jessie Anderson
42%
Shot in the head Rick Dave
41%
Bitten and died of an infection Walker Deanna Monroe
40%
Shot in the chest and head Rick Tony
39%
Strangled to death Morgan Richard
38%
Shot in the leg, died of blood loss Jared, Richard* Benjamin
34%
Season 5 Devoured after being shot in the leg Walkers, Carol Mary
32%
Shot in the head Carol Lizzie Samuels
29%
Bitten in the shoulder, then put down Walker Meghan Chambler
29%
Stabbed to death Lizzie Mika Samuels
29%
Season 4 Bitten and crushed by a helicopter Walker Zach
25%
Exploded on to two metal bars, then devoured Walkers, Himself** Aiden Monroe
23%
Shot in the head Merle Gargulio
19%
Accidently shot in the head Termite Alex
17%
Shot in the head Lizzie Alisha
16%
Shot in the chest Carol Owen
16%
Shot in the head Governor Allen
15%
Season 6 Face bitten, then stabbed in the back of the head Walker, Rick* Carter
15%
Stabbed herself in the stomach Herself Clara
14%
Impaled, then devoured Carol, Walker Paula
11%
Burned alive after being thrown into a furnace Negan Emmett Carson
10%
Shot in the chest with an arrow Daryl Mitch Dolgen
10%
Stabbed in the throat Rick Ethan
6%
No matching quizzes found
Score Distribution
Percent of People with Each Score
Percentile by Number Answered
Your Score History
You have not taken this quiz since the last reset